| 000 | 00864nam a22002897a 4500 | ||
|---|---|---|---|
| 001 | BR2010004175 | ||
| 003 | BR-BrBNA | ||
| 005 | 20230928103537.0 | ||
| 007 | ta | ||
| 008 | 230509b bl.||||| |||| 00| 0 por d | ||
| 040 |
_aBR-BrBNA _bpor _cBiblioteca Nacional de Agricultura |
||
| 041 | _a(Por) | ||
| 072 | _aE14; E50 | ||
| 090 | _ E14 BR2010004175 | ||
| 100 | 1 | _aBezerra, F.D. (org.) | |
| 100 | 1 | _aMendonça, K.V. de (org.) | |
| 110 | 1 | _aBanco do Nordeste, Fortaleza, CE (Brasil) | |
| 245 | 1 | _aDesafios do desenvolvimento econômico | |
| 260 | 3 |
_aFortaleza, CE (Brasil): _c2010. |
|
| 300 | _a458 p. | ||
| 500 | _aSeveral bilbiography.; 4 illus.; 28 graphs.; 81 tables | ||
| 650 | _aDESENVOLVIMENTO ECONÔMICO | ||
| 650 | _aDESENVOLVIMENTO SOCIAL | ||
| 650 | _aTECNOLOGIA DA INFORMAÇÃO | ||
| 909 |
_a202309 _bLucia _c55 _dLucia Elande |
||
| 942 | _cBK | ||
| 999 |
_c75546 _d75546 |
||